000 01142nam a2200301 i 4500
001 150110
003 ES-MaACL
005 20260202131923.0
007 t|
008 071026s1938 sp |||| | spa d
080 _a821.134.2-31"19"
080 _a94(460)"1843/68"(0:82)
100 1 _aValle-Inclán, Ramón del,
_d1866-1936
_9112796
245 1 3 _aLa corte de los milagros /
_cRamón del Valle-Inclán ; [prólogo de Antonio Machado].
246 3 _aEl ruedo ibérico.
_pLa corte de los milagros
260 _aMadrid ;
_aBarcelona :
_bNuestro Pueblo,
_c1938 (
_eBarcelona :
_fRamón Sopena)
300 _a283 p. ;
_c24 cm.
490 1 _aEl ruedo ibérico ;
_v1
530 _aDisponible en formato digital.
597 _aEjemplar falto de cub. original.
651 4 _aEspaña-
_xHistoria-
_y1843-1868, Isabel II-
_vNovelas.
_9166739
700 1 _aMachado, Antonio,
_d1875-1939
_975151
830 0 _aEl ruedo ibérico ;
_v1
_9221119
852 _aES-MaACL
_jA-4586
_zEjemplar muy valioso
_cSPP1
856 4 _uhttp://bdh-rd.bne.es/viewer.vm?id=0000252772&page=1
_yBiblioteca Digital Hispánica
942 _2udc
999 _c150110
_d150110